000 00636nam a2200181Ia 4500
003 GCL
008 140319s9999 xx 000 0 ara d
040 _aGCL /
_cGCL
082 0 4 _a830.2
_bم م
100 1 _aمصطفى ماهر
_vAnnotator
_@
…علق
245 1 0 _aمختارات من الادب القصصى الالمانى: العصر الوسيط /
_cمصطفى ماهر
260 _a[S.N] :
_bالمجلس الاعلى للثقافة ،
_c1983
300 _a206 ص
490 _aالهيئة العامة للاستعلامات
_v0
650 0 4 _aالادب
650 0 4 _aالادب الالمانى
942 _2ddc
_cBK
999 _c30927
_d30927